Stadtteile Bremen - Statistiken

Allgemein
  • Dieses Quiz wurde 118 mal gespielt
  • Das Durchschnittsergebnis liegt bei 4 aus 8
Antwortstatistiken
Hint Antwort % Korrekt
5 Hemelingen
64%
7 Oberneuland
61%
3 Schwachhausen
53%
8 Vahr
51%
4 Borgfeld
44%
6 Osterholz
39%
2 Horn-Lehe
37%
1 Östliche Vorstadt
25%
Keine übereinstimmenden Quizze gefunden
Verteilung der Resultate
Anzahl Personen mit jedem Resultat
Perzentil nach korrekt beantworteten Fragen
Ihre Resultats-Entwicklung
Sie haben dieses Quiz noch nicht gespielt